Los ratios y la expansión de la empresa / (Record no. 178477)

MARC details
000 -LEADER
campo de control de longitud fija 00834nam a22002295i 4500
001 - NÚMERO DE CONTROL
campo de control 178477
003 - IDENTIFICADOR DE NÚMERO DE CONTROL
campo de control ES-MaACL
005 - FECHA Y HORA DE LA ÚLTIMA TRANSACCIÓN
campo de control 20250902030433.0
008 - DATOS DE LONGITUD FIJA--INFORMACIÓN GENERAL
campo de control de longitud fija 110602s1969 sp |||| | spa d
080 ## - NÚMERO DE LA CLASIFICACIÓN DECIMAL UNIVERSAL
Número de la Clasificación Decimal Universal 65.015.14
100 1# - ENTRADA PRINCIPAL--NOMBRE DE PERSONA
Nombre de persona Angenieux, G.
9 (RLIN) 146871
245 14 - MENCIÓN DEL TÍTULO
Título Los ratios y la expansión de la empresa /
Mención de responsabilidad, etc. G. Angenieux ; prólogo, Antonio Calafell ; versión española, Francisco Hortelano.
260 ## - PUBLICACIÓN, DISTRIBUCIÓN, ETC.
Lugar de publicación, distribución, etc. Madrid :
Nombre del editor, distribuidor, etc. ICE,
Fecha de publicación, distribución, etc. imp. 1969.
300 ## - DESCRIPCIÓN FÍSICA
Extensión 368 p. ;
Dimensiones 25 cm.
490 1# - MENCIÓN DE SERIE
Mención de serie Selecciones de economía de la empresa ;
Designación de volumen o secuencia 5
650 04 - PUNTO DE ACCESO ADICIONAL DE MATERIA--TÉRMINO DE MATERIA
Término de materia o nombre geográfico como elemento de entrada Análisis de ratios.
9 (RLIN) 146873
700 0# - ENTRADA AGREGADA--NOMBRE PERSONAL
Nombre de persona Calafell, Antonio.
9 (RLIN) 146872
700 1# - ENTRADA AGREGADA--NOMBRE PERSONAL
Nombre de persona Hortelano Hernández, Francisco.
9 (RLIN) 64264
830 00 - PUNTO DE ACCESO ADICIONAL DE SERIE-TÍTULO UNIFORME
Título uniforme Selecciones de economía de la empresa (ICE)
Designación de volumen o secuencia 5
9 (RLIN) 190989
852 ## - LOCALIZACIÓN
Ubicación ES-MaACL
Número de control de estantería E-15226
Encuadernación Olim P-1278
Holdings
Estatus retirado Estado de pérdida Estado de daño No para préstamo Biblioteca de origen Biblioteca actual Ubicación en estantería Fecha de adquisición Fuente de adquisición Total de préstamos Signatura topográfica completa Código de barras Visto por última vez Precio de reemplazo Tipo de ítem Koha
        Biblioteca del Ateneo de Madrid Biblioteca del Ateneo de Madrid Depósito 2 02/06/2011     E-15226 1187479 23/02/2023 23/02/2023 Libro impreso